<?xml version="1.0" encoding="UTF-8"?>
<record
    xmlns:xsi="http://www.w3.org/2001/XMLSchema-instance"
    xsi:schemaLocation="http://www.loc.gov/MARC21/slim http://www.loc.gov/standards/marcxml/schema/MARC21slim.xsd"
    xmlns="http://www.loc.gov/MARC21/slim">

  <leader>00878nam a22002057a 4500</leader>
  <controlfield tag="008">110804t        xxu||||| |||| 00| 0 ara d</controlfield>
  <datafield tag="082" ind1=" " ind2=" ">
    <subfield code="2">22 </subfield>
    <subfield code="a">320.5322</subfield>
    <subfield code="b">&#x633; &#x627; &#x631; </subfield>
  </datafield>
  <datafield tag="100" ind1=" " ind2=" ">
    <subfield code="9">26584</subfield>
    <subfield code="a">&#x633;&#x627;&#x631;&#x62A;&#x631;&#x60C;&#x62C;&#x627;&#x646; &#x628;&#x648;&#x644;</subfield>
  </datafield>
  <datafield tag="245" ind1=" " ind2=" ">
    <subfield code="a">&#x642;&#x636;&#x627;&#x64A;&#x627; &#x627;&#x644;&#x645;&#x627;&#x631;&#x643;&#x633;&#x64A;&#x629;/</subfield>
    <subfield code="c">&#x62A;&#x623;&#x644;&#x64A;&#x641; &#x62C;&#x627;&#x646; &#x628;&#x648;&#x644; &#x633;&#x627;&#x631;&#x62A;&#x631;&#x61B;&#x62A;&#x631;&#x62C;&#x645;&#x629; &#x62C;&#x648;&#x631;&#x62C; &#x637;&#x631;&#x627;&#x628;&#x64A;&#x634;&#x649; </subfield>
  </datafield>
  <datafield tag="260" ind1=" " ind2=" ">
    <subfield code="a">&#x628;&#x64A;&#x631;&#x648;&#x62A;:</subfield>
    <subfield code="b">&#x645;&#x646;&#x634;&#x648;&#x631;&#x627;&#x62A; &#x62F;&#x627;&#x631; &#x627;&#x644;&#x623;&#x62F;&#x627;&#x628;&#x60C;1965.</subfield>
    <subfield code="c">1965.</subfield>
  </datafield>
  <datafield tag="300" ind1=" " ind2=" ">
    <subfield code="a">315&#x635;&#x60C;</subfield>
    <subfield code="c">24&#x633;&#x645;.</subfield>
  </datafield>
  <datafield tag="490" ind1=" " ind2=" ">
    <subfield code="9">26585</subfield>
    <subfield code="a">&#x61B;&#x645;&#x648;&#x627;&#x642;&#x641;</subfield>
    <subfield code="n">4.</subfield>
  </datafield>
  <datafield tag="650" ind1=" " ind2=" ">
    <subfield code="9">16253</subfield>
    <subfield code="a">&#x627;&#x644;&#x645;&#x627;&#x631;&#x643;&#x633;&#x64A;&#x629;</subfield>
  </datafield>
  <datafield tag="650" ind1=" " ind2=" ">
    <subfield code="9">8522</subfield>
    <subfield code="a">&#x627;&#x644;&#x627;&#x634;&#x62A;&#x631;&#x627;&#x643;&#x64A;&#x629;</subfield>
  </datafield>
  <datafield tag="650" ind1=" " ind2=" ">
    <subfield code="9">16059</subfield>
    <subfield code="a">&#x627;&#x644;&#x646;&#x638;&#x645; &#x627;&#x644;&#x633;&#x64A;&#x627;&#x633;&#x64A;&#x629;</subfield>
  </datafield>
  <datafield tag="653" ind1=" " ind2=" ">
    <subfield code="b">General</subfield>
    <subfield code="c">August2011</subfield>
  </datafield>
  <datafield tag="700" ind1=" " ind2=" ">
    <subfield code="9">26586</subfield>
    <subfield code="a">&#x637;&#x631;&#x627;&#x628;&#x64A;&#x634;&#x649;&#x60C;&#x62C;&#x648;&#x631;&#x62C;</subfield>
    <subfield code="c">&#x645;&#x62A;&#x631;&#x62C;&#x645;.</subfield>
  </datafield>
  <datafield tag="942" ind1=" " ind2=" ">
    <subfield code="2">ddc</subfield>
    <subfield code="c">BB</subfield>
  </datafield>
  <datafield tag="999" ind1=" " ind2=" ">
    <subfield code="c">15788</subfield>
    <subfield code="d">15788</subfield>
  </datafield>
  <datafield tag="952" ind1=" " ind2=" ">
    <subfield code="0">0</subfield>
    <subfield code="1">0</subfield>
    <subfield code="2">ddc</subfield>
    <subfield code="4">0</subfield>
    <subfield code="7">0</subfield>
    <subfield code="8"> </subfield>
    <subfield code="a">MAIN</subfield>
    <subfield code="b">MAIN</subfield>
    <subfield code="c">1ST</subfield>
    <subfield code="d">2011-08-04</subfield>
    <subfield code="e">Donation</subfield>
    <subfield code="o">320.5322 &#x633; &#x627; &#x631;</subfield>
    <subfield code="p">000024449</subfield>
    <subfield code="r">2025-07-15 00:00:00</subfield>
    <subfield code="s">2017-11-26</subfield>
    <subfield code="y">BB</subfield>
  </datafield>
</record>
